Exploring the deep antecedent of public service motivation (Record no. 115324)

000 -LEADER
fixed length control field 01178pab a2200193 454500
008 - FIXED-LENGTH DATA ELEMENTS--GENERAL INFORMATION
fixed length control field 180718b2017 xxu||||| |||| 00| 0 eng d
100 ## - MAIN ENTRY--PERSONAL NAME
Personal name Charbonneau, Etienne
245 ## - TITLE STATEMENT
Title Exploring the deep antecedent of public service motivation
260 ## - PUBLICATION, DISTRIBUTION, ETC.
Date of publication, distribution, etc. 2017
300 ## - PHYSICAL DESCRIPTION
Extent p.401-407.
362 ## - DATES OF PUBLICATION AND/OR SEQUENTIAL DESIGNATION
Dates of publication and/or sequential designation Apr
520 ## - SUMMARY, ETC.
Summary, etc. Contrarily to most studies of the antecedents of public service motivation (PSM) focusing on the proximal work environment or personal characteristics, we seek to explore plausibly important deep antecedents of PSM that lie in the formative years of a person's upbringing. Using an online survey of public service professionals that asked detailed background questions, we find that three deep antecedents are associated with lower overall PSM and its constitutive elements: growing up in a religious family, growing up in a family with a conservative point of view, and (surprisingly) being raised by a parent who served in the military. - Reproduced.
650 ## - SUBJECT ADDED ENTRY--TOPICAL TERM
Topical term or geographic name entry element Public administration
650 ## - SUBJECT ADDED ENTRY--TOPICAL TERM
Topical term or geographic name entry element Public utilities
650 ## - SUBJECT ADDED ENTRY--TOPICAL TERM
Topical term or geographic name entry element Motivation
700 ## - ADDED ENTRY--PERSONAL NAME
Personal name Ryzin, Gregg G. Van
773 ## - HOST ITEM ENTRY
Main entry heading International Journal of Public Administration
909 ## -
-- 115330
Holdings
Withdrawn status Lost status Damaged status Not for loan Permanent Location Current Location Date acquired Serial Enumeration / chronology Barcode Date last seen Price effective from Koha item type
        Indian Institute of Public Administration Indian Institute of Public Administration 2018-07-19 Volume no: 40, Issue no: 5 AR115790 2018-07-19 2018-07-19 Articles

Powered by Koha